000 00392nam a2200157Ia 4500
008 210210b1967 xxu||||| |||| 00| 0 eng d
082 _a589.9 BUCB
100 _aBUCHANA (Robert E) and BUCHANAN (Estelle D).
245 _aBacteriology. Ed 5.
250 _a
260 _aCalcutta
_bOxford & IBH
_c1967
300 _ax,678
650 _aBacteriology
690 _aBotany
906 _a028397
999 _c79646
_d79646